1262 1355 1084 1334 1201 1163 1722 1577 1918 1998 1135 1185 1907 1817 1392 1293 1872 1156 1515 1119 1053 1791 1249 1469 1360 1094 1364 1108 1703 1711 1930 1750 1652 1758 1395 1883 1160 1223 1041 1577 1157 1897 1951 1793 1930 1749 1507 1661 1403 1324 1296 1247 1880 1866 1162 1322 1113 1842 1223 1717 1138 1012 1963 1805 1092 1164 1336 1845 1881 1136 1152 1363 1677 1329 1840 1053 1510 1624 1740 1839 1557 1220 1414 1108 1776 1338 1704 1194 1906 1281 1569 1724 1401 1552 1776 1974 1393 1226 1259 BCNSPRNW ULIB Ver.6.0+V

เปลี่ยนเป็นภาษาไทย

Change to English
 แสดงรายละเอียดบรรณานุกรม
  กลับหน้าหลัก

Brief Record : Get Marc (ISO 2709) : E-mail record : QR code < ปิดหน้าต่าง
LEADER : 00000nam 2200000uu 4500
001    13399124018
003     ULIB
008    020711s2550 th a 000 0 tha d
020    9789749899298
090    นว.^bย731ค
100    โยโคมิโซะ เชชิ :^eเขียน
245    คดีฆ่าตกรรมบนเกาะโกะกุมน : คินดะอิจิยอดนักสืบ/^cโยโคมิโซะ เชชิ : เขียน,ชมนาด ศีติสาร : แปล
250    พิมพ์ครั้งที่ 6
260    กรุงเทพฯ :^b่JBOOK,^c2550
700    ชมนาด ศีติสาร :^eแปล
945    ^p195^l0^i022059
999    ^aกมลทิพย์ ธนสารสุธี
รายการนี้ยังไม่มีแท็ก
คุณยังไม่ได้ล็อกอิน คุณสามารถมีกิจกรรมร่วมกับเว็บไซต์ได้ แต่ต้องล็อกอินก่อน ::
  ล็อกอิน

รายการสื่อสารสนเทศ

ลำดับที่ ประเภท เลขเรียก/บาร์โค้ด สถานที่ สถานะ
1. นวนิยาย
นวนิยาย
นว. ย731ค ฉ.1 
  Barcode: 022059
ห้องสมุดวิทยาเขตสวรรค์ประชารักษ์
►นวนิยาย
บนชั้น
  ขอยืม

BibComment


ยังไม่เคยถูกคอมเมนท์

คอมเมนท์ทรัพยากรรายการนี้
  คอมเมนท์: คดีฆ่าตกรรมบนเกาะ..


 Copyright 2026. Bcnsprnw @Library